Assassination of Abraham Lincoln - Statistics

General Stats
  • This quiz has been taken 35 times
    34 since last reset
  • The average score is 7 of 16
Answer Stats
Hints Answer % Correct
Who shot and killed Abraham Lincoln? John Wilkes Booth
100%
Where? (state) Washington D.C.
84%
What was his profession? actor
78%
Where exactly? Ford's Theatre
66%
What was the date he was made president? (only the year) 1861
56%
How manyth president is Abraham Lincoln? 16
50%
What religious (Katholic) day was it? Good Friday
44%
During what play? Our American Cousin
44%
What place was created in memory of Abraham Lincoln? Lincoln Memorial
41%
What was the date he was assissinated? (full date) 14/04/1865
34%
Near the end of? (major American event) American Civil War
31%
Where did he die? Petersen House
16%
At what hour? 7:22
6%
With that information on what religious day did he die? Silent Saturday
3%
At what hour? 22:15
0%
With what? Philadelphia Deringer pistol and dagger
0%
No matching quizzes found
Score Distribution
Percent of People with Each Score
Percentile by Number Answered
Your Score History
You have not taken this quiz since the last reset